| 000 | 00478nam a22001697a 4500 | ||
|---|---|---|---|
| 005 | 20260513172349.0 | ||
| 008 | 260513b |||||||| |||| 00| 0 eng d | ||
| 020 | _a9781394164820 | ||
| 041 | _aEng | ||
| 082 | _a343.099 FUR | ||
| 100 | _aFurneaux, Nick | ||
| 245 | _aTheres No Such Thing as Crypto Crime: An Investigative Handbook | ||
| 260 |
_aNew Jersey _bWiley _c2025 |
||
| 300 | _a509;. P. 23 cm | ||
| 650 | _aSocial Science; Law; Cyber Law; Cyber Crime | ||
| 942 | _cBK | ||
| 999 |
_c46576 _d46576 |
||